000 00610nam a22001937a 4500
005 20140407144532.0
010 _aENG-109605
020 _c220.00
_a9788189941062
035 _aEN-93138
037 _bDBAD/PUB
082 _a574.5
100 _aArumugam, N.
245 _aConcepts of ecology :
_cby N. Arumugam
_benvironmental biology /
260 _bSaras Publication
_c2013
_aNagercoil
270 _bNagercoil
_e629002
_a114/35G, A. R. P. Camp Road, Periavilai, Kottar P. O.,
300 _axv,765p. :
_c22cm(pbk)
_bill.
500 _aIncludes index
942 _2ddc
_cEN
_mARU
_h574.5
999 _c83144
_d83144